书目信息 |
| 题名: |
国际市场营销学
|
|
| 作者: | 叶万春 , 宋先道 主编 | |
| 分册: | ||
| 出版信息: | 武汉 武汉工业大学出版社 1999.09 |
|
| 页数: | 447页 | |
| 开本: | 20cm | |
| 丛书名: | ||
| 单 册: | ||
| 中图分类: | F740.2 | |
| 科图分类: | ||
| 主题词: | 商业经济 | |
| 电子资源: | ||
| ISBN: | 7-5629-1443-5 | |
| 000 | 00622nam0 2200205 45 | |
| 001 | 0260679010 | |
| 005 | 2002040816511811 | |
| 010 | @a7-5629-1443-5@dRMB 21.50 | |
| 100 | @a20020408d1999 km y0chiy0120 ea | |
| 101 | 0 | @achi |
| 102 | @aCN@b420000 | |
| 200 | 1 | @a国际市场营销学@Aguo ji shi chang ying xiao xue@f叶万春,宋先道主编@FYe Wan Chun,Song Xian Dao Zhu Bian |
| 210 | @a武汉@c武汉工业大学出版社@d1999.09 | |
| 215 | @a447页@d20cm | |
| 606 | 0 | @a商业经济 |
| 690 | @aF740.2@v3 | |
| 701 | 0 | @a叶万春@AYe Wan Chun@4主编 |
| 701 | 0 | @a宋先道@ASong Xian Dao@4主编 |
| 801 | 0 | @aCN@bPFT@c20020408 |
| 905 | @a10447@dF740.2@eY456 | |
| 国际市场营销学/叶万春,宋先道主编.-武汉:武汉工业大学出版社,1999.09 |
| 447页;20cm |
| ISBN 7-5629-1443-5:RMB 21.50 |
| ● |
| 相关链接 |
|
|
|
正题名:国际市场营销学
索取号:F740.2/Y456
 
预约/预借
| 序号 | 登录号 | 条形码 | 馆藏地/架位号 | 状态 | 备注 |
| 1 | 356041 | 203560413 | 社科库409/409社科库 48排2列2层/ [索取号:F740.2/Y456] | 在馆 | |
| 2 | 356042 | 203560422 | 社科二线422/422社科库 3排2列5层/ [索取号:F740.2/Y456] | 在馆 | |
| 3 | 356043 | 203560431 | 社科库409/409社科库 48排2列2层/ [索取号:F740.2/Y456] | 在馆 | |
| 4 | 362249 | 203622491 | 社科二线422/422社科库 3排2列5层/ [索取号:F740.2/Y456] | 在馆 |